000 01289nam a2200301 a 4500
001 000028701
003 DO-SdBNP
005 20251205112832.0
008 110411s2010 dr a 000 0 spa d
020 _a9789945421941
040 _aDO-SdBNP
_bspa
_cBNPHU
082 4 _a345.05
_bD812a, 2010
100 1 _aDuarte Canaán, Pedro J.,
_d1963-
_96300
245 1 0 _aEl arte de la litigación oral penal :
_bun referente veraz e indispensable para el togado del siglo XXI /
_cPedro J. Duarte Canaán ; prólogo Juan Luis Ibarra Verenzuela.
250 _a2a ed. inspeccionada, extendida y renovada.
260 _aSanto Domingo :
_bCentro de Investigaciones Jurídicas Duarte Canaán & Asociados,
_c2010.
300 _a335 p. :
_bil. ;
_c23 cm.
504 _aBibliografía : p. 333-335
504 _aIncluye refencias bibliográficas al pie de las páginas.
590 _aInventariado,2018/DG
650 4 _aDerecho procesal
_xRepública dominicana
_952274
650 0 _aDerecho penal
_xRepública Dominicana
_917405
650 0 _aProcedimiento penal
_xRepública dominicana
_9554
650 4 _aAdministración de justicia penal
_xRepública dominicana
_952277
700 1 _aIbarra Verenzuela, Juan Luis
_epról.
_955690
910 _aValidado. Control de calidad BNPHU
942 _2ddc
_cLBS1
999 _c28193
_d28193